[Event "IECC TH-M email"]
[Site "IECC email"]
[Date "2002.03.14"]
[Round "?"]
[White "Nagley, Tim"]
[Black "Mironov, Anton"]
[Result "1-0"]
[WhiteElo "2220"]
[BlackElo "2251"]
[PlyCount "33"]
[EventDate "2002.??.??"]
[EventType "match (corr)"]
[EventRounds "2"]
[SourceTitle "Corr 2008"]
[Source "ChessBase"]
[SourceDate "2008.06.24"]
[SourceVersion "1"]
[SourceVersionDate "2008.06.24"]
[SourceQuality "1"]

1. e4 e5 2. Nc3 Nc6 3. Bc4 Nf6 4. d3 Na5 5. Nge2 Nxc4 6. dxc4 Bc5 7. 0-0 c6 8. Qd3 0-0 9. Kh1 d6 10. f4 exf4 11. Bxf4 Nh5 12. Bd2 a5 13. Rad1 Be6 14. Na4 Ba7 15. Nf4 Bg4 16. Rde1 Bb8 17. Nc3 1-0

[Event "IECC TH-T email"]
[Site "IECC email"]
[Date "2000.04.12"]
[Round "?"]
[White "De Leeuw, Dirk"]
[Black "Mironov, Anton"]
[Result "0-1"]
[WhiteElo "1955"]
[BlackElo "2355"]
[PlyCount "26"]
[EventDate "2000.??.??"]
[EventType "match (corr)"]
[EventRounds "2"]
[SourceTitle "Corr 2008"]
[Source "ChessBase"]
[SourceDate "2008.06.24"]
[SourceVersion "1"]
[SourceVersionDate "2008.06.24"]
[SourceQuality "1"]

1. e4 e5 2. Nc3 Nc6 3. f4 exf4 4. d4 Qh4+ 5. Ke2 d5 6. exd5 Bg4+ 7. Nf3 0-0-0 8. dxc6 Bc5 9. Qe1 Qh5 10. d5 Bxf3+ 11. Kd2 Bxd5 12. Nxd5 Qxd5+ 13. Kc3 a5 0-1